000 00782nam a2200229 4500
001 148895
003 ES-MaACL
005 20250827022424.0
007 t|
008 070214s1971 sp r ||||1| spa d
100 1 _aSulleiro González, Perfecto.
_9108751
245 1 0 _aProtocolo, honores y distinciones en las corporaciones locales /
_cpor Perfecto Sulleiro González.
260 _aMadrid :
_bInstituto de Estudios de Administración Local,
_c1971.
300 _a246 p. ;
_c21 cm.
490 1 _aManuales prácticos
650 0 0 _aCeremonial-
_zEspaña.
_910909
650 _aEtiqueta.
_912596
710 2 _aInstituto de Estudios de Administración Local (España)
_94893
830 1 _aManuales prácticos
_9184523
852 _aES-MaACL
_jC-47396
999 _c148895
_d148895